Reliability Handbook

Gespeichert in:
Bibliographische Detailangaben
Format: Buch
Sprache:Englisch
Veröffentlicht: New York : McGraw-Hill, 1966
Schlagworte:
Tags: Tag hinzufügen
Keine Tags, Fügen Sie das erste Tag hinzu!

MARC

LEADER 00000nam a22000003a 4500
001 stu41319
005 20141122042114.7
008 931119s1966----xxu-----------------eng-d
040 |a STU  |b slo 
041 0 |a eng 
044 |a xxu 
080 |a 62-192 
245 |a Reliability Handbook 
260 |a New York :  |b McGraw-Hill,  |c 1966 
300 |a Nestr 
650 7 |a spoľahlivosť  |2 stusub 
996 |b 284M012686  |c M*5491-1  |l MMKN  |s A  |a 24  |w stu41319_0001